Statistics for Capital cities with R as the second letter

Click here to take the quiz!

General Stats

  • This quiz has been taken 54 times
    (31 since last reset)
  • The average score is 6 of 12

Answer Stats

HintAnswer% Correct
1Brasilia
82%
5Brussels
82%
7Prague
82%
2Bratislava
68%
3Brazzaville
46%
9Pretoria
46%
10Pristina
46%
8Praia
36%
6Freetown
32%
12Tripoli
32%
11Sri Jayawardenepura Kotte
29%
4Bridgetown
21%

Score Distribution

Percentile by Number Answered

Percent of People with Each Score

Your Score History

You have not taken this quiz since the last reset